Statystyki dla Państwa Azji

Kliknij tutaj aby rozwiązać quiz!

Ogólne statystyki

  • Ten quiz został rozwiązany 992 razy
  • Średni wynik to 37 z 48

Statystyki odpowiedzi

Państwo% Poprawnych
Chiny
98%
Japonia
96%
Korea Północna
95%
Korea Południowa
95%
Rosja
94%
Indie
94%
Iran
91%
Irak
90%
Arabia Saudyjska
90%
Kazachstan
89%
Mongolia
88%
Indonezja
87%
Wietnam
85%
Turcja
85%
Afganistan
85%
Tadżykistan
84%
Turkmenistan
84%
Pakistan
84%
Zjednoczone Emiraty Arabskie
83%
Izrael
83%
Jemen
83%
Oman
83%
Uzbekistan
82%
Azerbejdżan
82%
Armenia
80%
Tajlandia
78%
Gruzja
78%
Laos
78%
Kirgistan
77%
Nepal
77%
Syria
76%
Katar
74%
Jordania
73%
Kambodża
72%
Bangladesz
72%
Malezja
71%
Filipiny
71%
Sri Lanka
70%
Bhutan
70%
Mjanma
67%
Kuwejt
64%
Singapur
64%
Liban
57%
Cypr
56%
Bahrajn
53%
Timor Wschodni
52%
Malediwy
51%
Brunei
48%

Rozkład punktacji

Percentyl według liczby udzielonych odpowiedzi

Procent ludzi z każdym wynikiem

Twoja historia wyników

Nie rozwiązałeś tego quizu